Invisible US States: Any 3 Letters Quiz Stats

 Plays Quiz Updated Oct 2, 2015

Challenge
Share
Tweet
Embed
Score 0/50 Timer 01:30
0 Plays Today
% Correct
New York
94%
New Mexico
92.4%
New Hampshire
92.3%
New Jersey
92.3%
Missouri
91.1%
Alaska
90.5%
Florida
90.1%
Alabama
89.7%
California
89.5%
North Dakota
86.7%
North Carolina
86.6%
South Dakota
85.9%
South Carolina
85.9%
Vermont
82%
Arkansas
79.6%
Mississippi
77.8%
Washington
77.8%
Wisconsin
77.3%
Wyoming
77.2%
Texas
76%
Maine
74.5%
Georgia
74.3%
Oregon
73.5%
Hawaii
71.3%
Arizona
70.8%
% Correct
West Virginia
70.5%
Montana
70.2%
Idaho
68.9%
Kansas
67.9%
Ohio
67%
Colorado
66.4%
Illinois
66%
Indiana
65.2%
Michigan
65%
Virginia
65%
Pennsylvania
62.8%
Connecticut
62.8%
Minnesota
62.7%
Iowa
62.3%
Louisiana
62.2%
Massachusetts
61.8%
Kentucky
60.9%
Delaware
60.9%
Tennessee
60.1%
Nevada
60.1%
Rhode Island
59.5%
Nebraska
58.4%
Maryland
58.2%
Utah
56.9%
Oklahoma
55.9%

You're not logged in!

Compare scores with friends on all Sporcle quizzes.
Join for Free
OR
Log In

You Might Also Like...

Show Comments

Extras

Top Quizzes Today


Score Distribution

Your Account Isn't Verified!

In order to create a playlist on Sporcle, you need to verify the email address you used during registration. Go to your Sporcle Settings to finish the process.

Report this User

Report this user for behavior that violates our Community Guidelines.

Details: